[Event "8th American Continental"]
[Site "Cochabamba BOL"]
[Date "2013.05.15"]
[Round "11"]
[White "Quiroga, Duberlin"]
[Black "Prado Serrano, Alexandra"]
[Result "1/2-1/2"]
[WhiteElo "2078"]
[BlackElo "1790"]
[EventDate "2013.05.07"]
[PlyCount "101"]

1.d4 Nf6 2.c4 g6 3.Nc3 Bg7 4.e4 d6 5.f3 O-O 6.Be3 Nbd7 7.Qd2 e5 8.d5 a5 9.
Nge2 Nc5 10.h4 Bd7 11.g4 Qe7 12.Bg5 Rfe8 13.Ng3 Qf8 14.Be2 h6 15.Be3 Nh7 
16.O-O-O a4 17.Bd3 a3 18.b3 Nxd3+ 19.Qxd3 Reb8 20.b4 b5 21.c5 dxc5 22.Bxc5
Qe8 23.Rh2 Bf8 24.Qe3 Bxc5 25.Qxc5 Qf8 26.Qxf8+ Nxf8 27.Rhd2 c5 28.dxc6 
Bxc6 29.Kc2 Ne6 30.Nge2 Kf8 31.Kb3 Rb7 32.Nd5 Nc7 33.Nxc7 Rxc7 34.Rd8+ 
Rxd8 35.Rxd8+ Ke7 36.Rd2 Ra7 37.Nc3 Bd7 38.Nd5+ Kf8 39.Rc2 Be6 40.Rc5 Bd7 
41.Rc7 Rxc7 42.Nxc7 Ke7 43.Nd5+ Kd6 44.Ne3 Be6+ 45.Kxa3 Kc6 46.Kb2 Kd6 47.
a3 Kc6 48.Kc3 Kd6 49.g5 hxg5 50.hxg5 Kd7 51.Nd5 1/2-1/2

[Event "8th American Continental"]
[Site "Cochabamba BOL"]
[Date "2013.05.15"]
[Round "11"]
[White "Cordero Loup, Ely Daniela"]
[Black "Vidaurre, Luis"]
[Result "1-0"]
[WhiteElo "2074"]
[BlackElo "1836"]
[EventDate "2013.05.07"]
[PlyCount "85"]

1.d4 d5 2.Nf3 c6 3.c4 e6 4.Qc2 a6 5.b3 Nf6 6.Bb2 g6 7.e3 Bg7 8.Ba3 Bf8 9.
Bxf8 Kxf8 10.Be2 Nbd7 11.O-O Qe7 12.Nbd2 Kg7 13.Rfd1 Re8 14.Ne5 Ng8 15.
Nxd7 Bxd7 16.Nf3 Rad8 17.e4 f6 18.h3 Nh6 19.Rd2 Nf7 20.Rad1 Nd6 21.e5 Ne4 
22.Rd3 f5 23.c5 h6 24.Nh2 Kh7 25.b4 Qh4 26.Bf1 g5 27.Rb3 Rg8 28.g3 Qh5 29.
Bg2 Kh8 30.Nf1 g4 31.h4 Rdf8 32.a4 Be8 33.Re1 Bg6 34.f3 Nxg3 35.Nxg3 f4 
36.Nxh5 Bxc2 37.Rc3 gxf3 38.Rxc2 fxg2 39.Rxg2 Rxg2+ 40.Kxg2 Rg8+ 41.Kf2 
Rg6 42.Rg1 Rxg1 43.Kxg1 1-0

[Event "8th American Continental"]
[Site "Cochabamba BOL"]
[Date "2013.05.15"]
[Round "11"]
[White "Molina, Ruben"]
[Black "Zarate, Ezequiel"]
[Result "0-1"]
[WhiteElo "2030"]
[BlackElo "1745"]
[EventDate "2013.05.07"]
[PlyCount "31"]

1.d4 Nf6 2.c4 e6 3.Nf3 c5 4.Nc3 Be7 5.Bg5 d6 6.e4 e5 7.dxc5 dxc5 8.Qxd8+ 
Bxd8 9.Nxe5 O-O 10.f3 Re8 11.O-O-O Be7 12.Be3 Nbd7 13.Nd3 b6 14.Nf4 Ne5 
15.Nfd5 Nxd5 16.Nxd5 0-1

[Event "8th American Continental"]
[Site "Cochabamba BOL"]
[Date "2013.05.15"]
[Round "11"]
[White "Molina, Jessica"]
[Black "Ruiz, Samuel"]
[Result "1/2-1/2"]
[WhiteElo "1585"]
[BlackElo "1710"]
[EventDate "2013.05.07"]
[PlyCount "81"]

1.d4 d5 2.c4 c6 3.Nc3 Nf6 4.Nf3 Bf5 5.Bg5 e6 6.e3 Nbd7 7.Rc1 Qa5 8.Bxf6 
Nxf6 9.Nd2 Bb4 10.Qb3 O-O 11.a3 Bxc3 12.Qxc3 Qxc3 13.Rxc3 dxc4 14.Bxc4 Nd5
15.Bxd5 exd5 16.O-O Rfe8 17.b4 Re6 18.Rfc1 a6 19.Nb3 Rg6 20.a4 Be4 21.g3 
h6 22.a5 h5 23.Nc5 Rb8 24.Nxe4 dxe4 25.Rc5 h4 26.Re5 Rg4 27.Kg2 f6 28.Rh5 
Kf7 29.f3 exf3+ 30.Kxf3 Rg6 31.Kf4 Rh6 32.Rxh6 gxh6 33.g4 Rd8 34.Rc5 Kg6 
35.Rf5 Rd6 36.Rc5 Rd7 37.Ke4 Rg7 38.d5 Re7+ 39.Kf4 cxd5 40.Rxd5 Rc7 41.b5 
1/2-1/2